000 00659nam a2200265Ia 4500
003 OSt
005 20220924153728.0
006 a|||||r|||| 00| 0
007 ta
008 220923b |||||||| |||| 00| 0 tam d
020 _a8123403305
020 _c30.00
024 _a351417
037 _cTextual
040 _aARTS
_cARTS
_btam
041 _2tam
_atam
082 _aO31,3N211:g, N4
100 _aGeetha C.V Au.
_9229608
245 0 _aJanakiramanin Naaval Kalai
260 _c1994
300 _a200p.
_ccm.
650 _aTAMIL FICTION
942 _hO31,3N211:g, N4
_cTEXL
_2CC
999 _c474609
_d474609